La enfermedad psiquiátrica en la práctica médica general / (Record no. 59685)

MARC details
000 -LEADER
campo de control de longitud fija 00964nam a2200241 i 4500
001 - NÚMERO DE CONTROL
campo de control 59685
003 - IDENTIFICADOR DE NÚMERO DE CONTROL
campo de control ES-MaACL
005 - FECHA Y HORA DE LA ÚLTIMA TRANSACCIÓN
campo de control 20250721193127.0
007 - CAMPO FIJO DE DESCRIPCIÓN FÍSICA--INFORMACIÓN GENERAL
campo de control de longitud fija t|
008 - DATOS DE LONGITUD FIJA--INFORMACIÓN GENERAL
campo de control de longitud fija 031030s1971 sp ||||1| spa d
080 ## - NÚMERO DE LA CLASIFICACIÓN DECIMAL UNIVERSAL
Número de la Clasificación Decimal Universal 616.89
245 03 - MENCIÓN DEL TÍTULO
Título La enfermedad psiquiátrica en la práctica médica general /
Mención de responsabilidad, etc. por Michael Shepherd ... [et al.] ; [traducido por Amparo Boronat].
260 ## - PUBLICACIÓN, DISTRIBUCIÓN, ETC.
Lugar de publicación, distribución, etc. Madrid :
Nombre del editor, distribuidor, etc. Patronato Nacional de Asistencia Psiquiátrica,
Fecha de publicación, distribución, etc. 1971.
300 ## - DESCRIPCIÓN FÍSICA
Extensión 230 p. :
Otras características físicas il. ;
Dimensiones 24 cm.
490 1# - MENCIÓN DE SERIE
Mención de serie Publicaciones del Patronato Nacional de Asistencia Psiquiátrica. Monografías
650 #7 - PUNTO DE ACCESO ADICIONAL DE MATERIA--TÉRMINO DE MATERIA
Término de materia o nombre geográfico como elemento de entrada Enfermedades mentales
Fuente del encabezamiento o término embne
9 (RLIN) 12263
700 1# - ENTRADA AGREGADA--NOMBRE PERSONAL
Nombre de persona Shepherd, Michael.
9 (RLIN) 106089
700 1# - ENTRADA AGREGADA--NOMBRE PERSONAL
Nombre de persona Boronat, Amparo.
9 (RLIN) 30534
710 2# - ENTRADA AGREGADA--NOMBRE DE ENTIDAD CORPORATIVA
Nombre de entidad corporativa o nombre de jurisdicción como elemento de entrada Patronato Nacional de Asistencia Psiquiátrica (España)
9 (RLIN) 6191
830 1# - PUNTO DE ACCESO ADICIONAL DE SERIE-TÍTULO UNIFORME
Título uniforme Publicaciones del Patronato Nacional de Asistencia Psiquiátrica. Monografías
9 (RLIN) 181099
852 ## - LOCALIZACIÓN
Ubicación ES-MaACL
Número de control de estantería C-47457
Holdings
Estatus retirado Estado de pérdida Estado de daño No para préstamo Biblioteca de origen Biblioteca actual Ubicación en estantería Fecha de adquisición Fuente de adquisición Total de préstamos Signatura topográfica completa Código de barras Visto por última vez Precio de reemplazo Tipo de ítem Koha
        Biblioteca del Ateneo de Madrid Biblioteca del Ateneo de Madrid Depósito 2 17/01/2008     C-47457 1062601 23/02/2023 23/02/2023 Libro impreso